000 00693nam a2200217Ii 4500
003 JO-AjNU
008 230605s9999||||xx |||||||||||||| ||und||
017 _a1998/11/1887
040 _aJO-AjNU
_bara
_erda
_cJO-AjNU
041 _aara
050 1 4 _aPJ7864.M83 1999
100 3 _aمحمود، منى,
_eauthor
_910230
245 0 0 _aأربعون وقفة مع حواء
250 _aط1
264 3 1 _aعمان: دار اسامة للنشر والتوزيع، 1999
300 _a120ص
336 _atext
_btxt
_2rdacontent
337 _aunmediated
_bn
_2rdamedia
338 _avolume
_bnc
_2rdacarrier
650 4 _aالادب العربي - مقالات - الاسلام - المرأة
_910231
999 _aA1701
_c5269
_d5269